| 000 | 00787nam a22002657a 4500 | ||
|---|---|---|---|
| 001 | 4528 | ||
| 003 | FISKH | ||
| 005 | 20240913105829.0 | ||
| 008 | 240913b cb ||||| |||| 00| 0 eng d | ||
| 020 | _a033500903069 | ||
| 040 |
_aFISKH _beng _cFISKH _dFISKH |
||
| 050 | _aPZ7.S5863 | ||
| 082 | _a268.81 | ||
| 100 |
_aSilverman, Maida _eauthor |
||
| 245 |
_aPeter's Welcome / _cBy Maida Silverman |
||
| 260 |
_aNew York : _bMerrigold Press ; _c1985. |
||
| 300 |
_a28 unnumbered pages : _bcolor illustrations ; _c17 cm . |
||
| 505 | _aK | ||
| 520 | _aPeter's new neighbors plan a special welcome for him. | ||
| 521 | 8 |
_a510
_bLexile estimate |
|
| 521 | 8 |
_aK
_bRaz-Plus |
|
| 650 |
_awelcome parties _v children's literature |
||
| 942 |
_2ddc _cBK _n0 |
||
| 999 |
_c4528 _d4528 |
||